Statistics for Tekken Characters

Click here to take the quiz!

General Stats

  • This quiz has been taken 1,144 times
    (1,142 since last reset)
  • The average score is 12 of 17

Answer Stats

Hint Answer % Correct
Luchador in jaguar maskArmor King
93%
Another luchador in jaguar maskKing
93%
The blond sisterNina Williams
84%
The brunette sisterAnna Williams
80%
Hot-blooded guy from the USAPaul Phoenix
78%
Owner of the Mishima ZaibatsuHeihachi Mishima
77%
A bearKuma
77%
The fighting chefMarshall Law
76%
Made a deal with the devilKazuya Mishima / Devil Kazuya
74%
Android created by the Mishima ZaibatsuJack
73%
Another androidPrototype Jack
73%
Leader of the Manji ClanYoshimitsu
70%
Adopted son of the Mishima Zaibatsu's ownerLee Chaolan
61%
Sumo wrestlerGanryu
49%
An old Martial Artist from ChinaWang Jinrei
47%
She's half Chinese and half Native AmericanMichelle Chang
38%
Former member of the Manji ClanKunimitsu
35%

Score Distribution

Percentile by Number Answered

Percent of People with Each Score

Your Score History

You have not taken this quiz since the last reset